00309nam a2200121Ia 4500008004100000245004100041260002800082300001200110650001700122650001900139650001100158650001800169220216s9999 xx 000 0 und d 0aFungal diseases of the tapping panel bPlanters Bulletinc1965 a263-269 aBlack stripe aFungal disease aRubber aTapping panel